000 01320nam a2200337 a 4500
001 000016582
003 DO-SdBPM
005 20260320135458.0
007 ta
008 100308s1985 dr a 000 0 spa d
020 _z8489525188
040 _aDO-SdBPM
_bspa
_cBPMSU
_drda
082 0 4 _a615.1
_bF233m 1985
_222
100 1 _aDefilló M, Bernardo A.
_eautor
_4aut.
245 1 0 _aFarmacología médica /
_c Bernardo A. Defilló M.
264 _aSanto Domingo :
_bINTEC,
_c1985.
300 _avolumen :
_bilustraciones . ;
_c23 cm.
336 _atexto
_btxt
_2rdacontent
337 _asin mediación
_bn
_2rdamedia
338 _avolumen
_bnc
_2rdacarrier
490 0 _aInvestigaciones,
_v4
500 _aIncluye índice alfabético
500 _aLa biblioteca posee el v. 3
505 0 _gv. 1 --
_tDrogas esenciales: para el aparato cardiovascular y respiratorio /
_rBernardo A. Defilló M.
_gv. 2 --
_tDrogas esenciales: psico-fármacos y anestésicos /
_rVicente J. Liz Linares, Jesús Descarán Züter, Fernando Ibert Acosta
_gv.3 --
_tDrogas esenciales: antiinfecciosos /
_rBernardo A. Defilló M.
590 _aInventariado, 2026/VM
650 7 _aFarmacología
650 7 _aMedicamentos
710 2 _aInstituto Tecnológico de Santo Domingo
910 _aVMateo V. Control de calidad BPMSU
942 _2ddc
_cBK
999 _c15756
_d15756